Top 10 NBA Centers 2K25 - Statistics

General Stats
  • This quiz has been taken 167 times
    50 since last reset
  • The average score is 8 of 10
Answer Stats
OVR Player % Correct
98 Nikola Jokić
100%
94 Anthony Davis
93%
94 Joel Embiid
93%
95 Victor Wembanyama
89%
93 Karl-Anthony Towns
80%
88 Kristaps Porzingis
70%
88 Chet Holmgren
67%
90 Domantas Sabonis
67%
88 Jarrett Allen
61%
87 Alperen Şengün
54%
No matching quizzes found
Score Distribution
Percent of People with Each Score
Percentile by Number Answered
Your Score History
You have not taken this quiz since the last reset